<?xml version="1.0" encoding="UTF-8"?>
<record
    xmlns:xsi="http://www.w3.org/2001/XMLSchema-instance"
    xsi:schemaLocation="http://www.loc.gov/MARC21/slim http://www.loc.gov/standards/marcxml/schema/MARC21slim.xsd"
    xmlns="http://www.loc.gov/MARC21/slim">

  <leader>02886cam a22004575i 4500</leader>
  <controlfield tag="001">ssj0001986413</controlfield>
  <controlfield tag="003">WaSeSS</controlfield>
  <controlfield tag="005">20220502102413.0</controlfield>
  <controlfield tag="006">m        d        </controlfield>
  <controlfield tag="007">cr  n         </controlfield>
  <controlfield tag="008">180328s2018    xxu|    o    |||| 0|eng d</controlfield>
  <datafield tag="020" ind1=" " ind2=" ">
    <subfield code="a">9781484234655</subfield>
  </datafield>
  <datafield tag="024" ind1="7" ind2=" ">
    <subfield code="a">10.1007/978-1-4842-3465-5</subfield>
    <subfield code="2">doi</subfield>
  </datafield>
  <datafield tag="040" ind1=" " ind2=" ">
    <subfield code="b">eng</subfield>
    <subfield code="d">WaSeSS</subfield>
    <subfield code="c">AIMIT LIBRARY</subfield>
  </datafield>
  <datafield tag="082" ind1=" " ind2=" ">
    <subfield code="2">1</subfield>
    <subfield code="a">621.367</subfield>
    <subfield code="b">MODN</subfield>
  </datafield>
  <datafield tag="092" ind1=" " ind2=" ">
    <subfield code="a">EBOOK</subfield>
  </datafield>
  <datafield tag="100" ind1="1" ind2=" ">
    <subfield code="a">Modrzyk, Nicolas.</subfield>
    <subfield code="9">33069</subfield>
  </datafield>
  <datafield tag="245" ind1="1" ind2="0">
    <subfield code="a">Java image processing recipes :</subfield>
    <subfield code="b">with openCV and JVM /</subfield>
    <subfield code="c">By Nicolas Modrzyk.</subfield>
  </datafield>
  <datafield tag="250" ind1=" " ind2=" ">
    <subfield code="a">1st ed.</subfield>
  </datafield>
  <datafield tag="264" ind1=" " ind2="1">
    <subfield code="a">Berkeley, CA :</subfield>
    <subfield code="b">Apress ,</subfield>
    <subfield code="c">2018.</subfield>
  </datafield>
  <datafield tag="300" ind1=" " ind2=" ">
    <subfield code="a">xviii, 341p. ; </subfield>
    <subfield code="c">23.5 cm.</subfield>
  </datafield>
  <datafield tag="336" ind1=" " ind2=" ">
    <subfield code="a">text</subfield>
    <subfield code="b">txt</subfield>
    <subfield code="2">rdacontent</subfield>
  </datafield>
  <datafield tag="337" ind1=" " ind2=" ">
    <subfield code="a">computer</subfield>
    <subfield code="b">c</subfield>
    <subfield code="2">rdamedia</subfield>
  </datafield>
  <datafield tag="338" ind1=" " ind2=" ">
    <subfield code="a">online resource</subfield>
    <subfield code="b">cr</subfield>
    <subfield code="2">rdacarrier</subfield>
  </datafield>
  <datafield tag="347" ind1=" " ind2=" ">
    <subfield code="a">text file</subfield>
    <subfield code="b">PDF</subfield>
    <subfield code="2">rda</subfield>
  </datafield>
  <datafield tag="506" ind1=" " ind2=" ">
    <subfield code="a">Requires an SPL library card.</subfield>
  </datafield>
  <datafield tag="520" ind1=" " ind2=" ">
    <subfield code="a">Quickly obtain solutions to common Java image processing problems, learn best practices, and understand everything OpenCV has to offer for image processing. You will work with a JVM image wrapper to make it very easy to run image transformation through pipelines and obtain instant visual feedback. This book makes heavy use of the Gorilla environment where code can be executed directly in the browser, and image transformation results can also be visualized directly in the browser. Java Image Processing Recipes includes recipes on more advanced image manipulation techniques, such as image smoothing, cartooning, sketching, and mastering masks to apply changes only to parts of the image. You?ll see how OpenCV features provide instant solutions to problems such as edges detection and shape finding. Finally, the book contains practical recipes dealing with webcams and various video streams, giving you ready-made code with which to do real-time video analysis. You will: Create your personal real-time image manipulation environment Manipulate image characteristics with OpenCV Work with the Origami image wrapper Apply manipulations to webcams and video streams.</subfield>
  </datafield>
  <datafield tag="538" ind1=" " ind2=" ">
    <subfield code="a">Mode of access: World Wide Web.</subfield>
  </datafield>
  <datafield tag="650" ind1=" " ind2="0">
    <subfield code="a">Automatically compiling and running code</subfield>
    <subfield code="9">33070</subfield>
  </datafield>
  <datafield tag="650" ind1=" " ind2="0">
    <subfield code="a">Working with colors colormaps and colorscpaces</subfield>
    <subfield code="9">33071</subfield>
  </datafield>
  <datafield tag="655" ind1=" " ind2="7">
    <subfield code="a">Electronic books.</subfield>
    <subfield code="2">local</subfield>
    <subfield code="9">33072</subfield>
  </datafield>
  <datafield tag="710" ind1="2" ind2=" ">
    <subfield code="a">SpringerLink (Online service)</subfield>
    <subfield code="9">33073</subfield>
  </datafield>
  <datafield tag="710" ind1="2" ind2=" ">
    <subfield code="a">O'Reilly (Firm)</subfield>
    <subfield code="9">33074</subfield>
  </datafield>
  <datafield tag="710" ind1="2" ind2=" ">
    <subfield code="a">Serials Solutions</subfield>
    <subfield code="9">33075</subfield>
  </datafield>
  <datafield tag="773" ind1="0" ind2=" ">
    <subfield code="t">Springer eBooks</subfield>
  </datafield>
  <datafield tag="776" ind1="0" ind2="8">
    <subfield code="i">Printed edition:</subfield>
    <subfield code="z">9781484234648</subfield>
  </datafield>
  <datafield tag="856" ind1="4" ind2="0">
    <subfield code="y">View this electronic item in O'Reilly Online Learning: Academic/Public Library Edition.</subfield>
    <subfield code="u">https://ezproxy.spl.org/login?url=https://learning.oreilly.com/library/view/~/9781484234655/?ar</subfield>
    <subfield code="z">An e-book available through full-text database.</subfield>
  </datafield>
  <datafield tag="942" ind1=" " ind2=" ">
    <subfield code="2">ddc</subfield>
    <subfield code="c">BK</subfield>
    <subfield code="e">1st</subfield>
    <subfield code="k">621.367 MODN</subfield>
  </datafield>
  <datafield tag="999" ind1=" " ind2=" ">
    <subfield code="c">222748</subfield>
    <subfield code="d">222748</subfield>
  </datafield>
  <datafield tag="999" ind1=" " ind2=" ">
    <subfield code="b">03381299</subfield>
  </datafield>
  <datafield tag="952" ind1=" " ind2=" ">
    <subfield code="0">0</subfield>
    <subfield code="1">0</subfield>
    <subfield code="2">ddc</subfield>
    <subfield code="4">0</subfield>
    <subfield code="7">0</subfield>
    <subfield code="8">MCA</subfield>
    <subfield code="a">AIMIT</subfield>
    <subfield code="b">AIMIT</subfield>
    <subfield code="d">2022-03-24</subfield>
    <subfield code="e">Biblios Book Point</subfield>
    <subfield code="g">999.00</subfield>
    <subfield code="i">Bill no:6622; Bill dt:2022-03-23</subfield>
    <subfield code="l">1</subfield>
    <subfield code="o">621.367 MODN</subfield>
    <subfield code="p">MCA17010</subfield>
    <subfield code="r">2025-07-21 00:00:00</subfield>
    <subfield code="s">2022-05-30</subfield>
    <subfield code="v">799.20</subfield>
    <subfield code="w">2022-05-02</subfield>
    <subfield code="y">BK</subfield>
  </datafield>
</record>
